000 00282 a2200121 4500
001 146735
040 _cEscola São Tomás de Aquino
100 _aTREZZA, Rogério S.
240 1 0 _aO homem do saco
_lpor
245 1 0 _aO homem do saco
697 _a*LITERATURA INFANTIL
942 _cBK
999 _c146735
_d146735